000 00578nam a2200205Ia 4500
005 20250508162336.0
008 008 250505s9999 xx 000 0 eng d
020 _a0-7100-0749-3
037 _aTextual
040 _aFEDL
_beng
_cFEDL
041 _aeng
_2eng
084 _a155.6, STA
_qFEDL
100 _aStaude John Raphael
_9772921
245 0 _aAdult development of C. G. Jung
260 _aBoston, USA
_bRoutledge and Kegan Paul
_c1981
300 _axxiv,134p.
650 _aChild Psychology
942 _cTEXL
_h155.6, STA
999 _c1375949
_d1375949